[Event "ESP-ch FEDC 28th"]
[White "Salas Rasilla, Concepcion"]
[Black "Martinez Morina, Manel"]
[Site "Ubeda"]
[Round "5"]
[Result "1-0"]
[Date "2019.11.23"]
[WhiteElo "1560"]
[BlackElo "1682"]
[PlyCount "59"]
[EventDate "2019.11.19"]
[EventType "swiss"]
[EventRounds "8"]
[EventCountry "ESP"]
[SourceTitle "EXT 2024"]
[Source "ChessBase"]
[SourceDate "2023.10.10"]
[SourceVersion "1"]
[SourceVersionDate "2023.10.10"]
[SourceQuality "1"]

1. Nf3 d5 2. c4 Nf6 3. g3 g6 4. Bg2 Bg7 5. 0-0 0-0 6. d4 Nbd7 7. cxd5 Nxd5 8. e4 N5f6 9. Nc3 Re8 10. e5 Nh5 11. g4 Nhf6 12. exf6 Nxf6 13. h3 h5 14. g5 Nh7 15. Bf4 Nf8 16. Rc1 c6 17. Qd2 Ne6 18. Be3 Qa5 19. Rfd1 Rd8 20. Qc2 b5 21. Ne5 Bxe5 22. dxe5 Bb7 23. a3 b4 24. axb4 Qxe5 25. b5 Nxg5 26. bxc6 Rxd1+ 27. Nxd1 Rc8 28. Bxg5 Qxg5 29. cxb7 Rxc2 30. b8Q+ 1-0

[Event "ESP-ch FEDC 28th"]
[White "Menendez Solar, Jose Carlos"]
[Black "Salas Rasilla, Concepcion"]
[Site "Ubeda"]
[Round "4"]
[Result "0-1"]
[Date "2019.11.22"]
[WhiteElo "1734"]
[BlackElo "1560"]
[PlyCount "60"]
[EventDate "2019.11.19"]
[EventType "swiss"]
[EventRounds "8"]
[EventCountry "ESP"]
[SourceTitle "EXT 2024"]
[Source "ChessBase"]
[SourceDate "2023.10.10"]
[SourceVersion "1"]
[SourceVersionDate "2023.10.10"]
[SourceQuality "1"]

1. d4 Nf6 2. Bf4 e6 3. Nd2 c5 4. e3 cxd4 5. exd4 d5 6. Ngf3 Nc6 7. c3 Bd6 8. Ne5 0-0 9. Bd3 Qc7 10. Qe2 Rd8 11. Bg3 a6 12. a4 b6 13. f4 Bb7 14. Bh4 Be7 15. g4 Ne8 16. Bxe7 Qxe7 17. h4 Nxe5 18. fxe5 b5 19. Bc2 b4 20. Qd3 g6 21. h5 bxc3 22. bxc3 Qg5 23. hxg6 fxg6 24. Qh3 Rd7 25. Nb3 Rc8 26. Nc5 Rxc5 27. dxc5 Qxe5+ 28. Kd1 d4 29. Rf1 dxc3+ 30. Kc1 Qe2 0-1

[Event "ESP-ch FEDC 26th"]
[White "Salas Rasilla, Concepcion"]
[Black "De Frutos Gargallo, Benito"]
[Site "Ciudad Real"]
[Round "6.12"]
[Result "1/2-1/2"]
[Date "2017.11.17"]
[WhiteElo "1600"]
[BlackElo "1879"]
[PlyCount "46"]
[EventDate "2017.11.12"]
[EventType "swiss"]
[EventRounds "8"]
[EventCountry "ESP"]
[SourceTitle "EXT 2024"]
[Source "ChessBase"]
[SourceDate "2023.10.10"]
[SourceVersion "1"]
[SourceVersionDate "2023.10.10"]
[SourceQuality "1"]

1. e4 c5 2. Nf3 d6 3. c3 Nf6 4. Be2 g6 5. 0-0 Bg7 6. Re1 0-0 7. Bf1 b6 8. d4 cxd4 9. cxd4 Bb7 10. Nc3 e6 11. Bg5 h6 12. Bf4 Nc6 13. Qd2 g5 14. Be3 Ng4 15. h3 Nxe3 16. Qxe3 Rc8 17. Red1 a6 18. Bd3 e5 19. dxe5 Nxe5 20. Nxe5 Bxe5 21. Nd5 b5 22. Qe2 Bxd5 23. exd5 Qf6 1/2-1/2

[Event "ESP-ch FEDC 26th"]
[White "Salas Rasilla, Concepcion"]
[Black "Martinez Perez, Carlos"]
[Site "Ciudad Real"]
[Round "4.22"]
[Result "1-0"]
[Date "2017.11.15"]
[WhiteElo "1600"]
[BlackElo "1386"]
[PlyCount "99"]
[EventDate "2017.11.12"]
[EventType "swiss"]
[EventRounds "8"]
[EventCountry "ESP"]
[SourceTitle "EXT 2024"]
[Source "ChessBase"]
[SourceDate "2023.10.10"]
[SourceVersion "1"]
[SourceVersionDate "2023.10.10"]
[SourceQuality "1"]

1. e4 e5 2. Nf3 Nf6 3. Nc3 Nc6 4. d4 exd4 5. Nxd4 Nxd4 6. Qxd4 d6 7. Bc4 Be6 8. Nd5 Nxd5 9. exd5 Bf5 10. 0-0 Qf6 11. Re1+ Kd8 12. Qxf6+ gxf6 13. Bd2 Bg7 14. c3 Re8 15. Bb5 Bd7 16. Bd3 a6 17. Bf4 f5 18. Rad1 Bf6 19. Be3 Re5 20. Bc2 Ke7 21. f4 Rxe3 22. Rxe3+ Kf8 23. Rde1 Kg7 24. Rg3+ Kh8 25. Ree3 h6 26. Rh3 Kg7 27. Reg3+ Kh7 28. Kf2 Bg7 29. Rh5 Rh8 30. Bxf5+ Bxf5 31. Rxf5 Kg8 32. Rh5 f6 33. Rh4 Kf7 34. f5 Re8 35. Re3 Re5 36. Rxe5 fxe5 37. Kf3 Kf6 38. Ke4 c6 39. Rg4 Bf8 40. Rg6+ Kf7 41. dxc6 bxc6 42. c4 h5 43. g4 h4 44. Re6 Be7 45. Rg6 Bf8 46. b3 a5 47. h3 Ke7 48. g5 Kf7 49. Rf6+ Kg7 50. Rh6 1-0

[Event "Almunecar FEDC op 19th"]
[White "Salas Rasilla, Concepcion"]
[Black "Jimenez Mahillo, David"]
[Site "Almunecar"]
[Round "7.11"]
[Result "1/2-1/2"]
[Date "2017.10.06"]
[WhiteElo "1598"]
[BlackElo "1326"]
[PlyCount "170"]
[EventDate "2017.09.30"]
[EventType "swiss"]
[EventRounds "7"]
[EventCountry "ESP"]
[SourceTitle "EXT 2024"]
[Source "ChessBase"]
[SourceDate "2023.10.10"]
[SourceVersion "1"]
[SourceVersionDate "2023.10.10"]
[SourceQuality "1"]

1. e4 e5 2. Nf3 Nc6 3. Bb5 Bc5 4. c3 Nf6 5. d3 h6 6. Bxc6 dxc6 7. Nxe5 0-0 8. 0-0 Re8 9. Nf3 Bg4 10. Nbd2 Qxd3 11. h3 Bh5 12. Re1 Qd7 13. e5 Nd5 14. Nb3 Qe7 15. Nxc5 Qxc5 16. Qd4 Qe7 17. Qe4 Bg6 18. Qe2 Rad8 19. Be3 Nxe3 20. Qxe3 b6 21. Nd4 Qd7 22. Qf3 c5 23. Nc6 Ra8 24. Rad1 Qe6 25. Qd5 Qxd5 26. Rxd5 Re6 27. Nd8 Re8 28. Nc6 Bf5 29. f4 Be6 30. Rd2 f6 31. a3 Bc4 32. Rd7 Bb5 33. Rxc7 Bxc6 34. Rxc6 fxe5 35. fxe5 Rad8 36. Rc7 a5 37. Re2 Rd1+ 38. Kh2 Rd5 39. e6 Rd6 40. e7 Kf7 41. Rb7 Re6 42. Rf2+ Kg8 43. Rd2 R8xe7 44. Rd8+ Kh7 45. Rbb8 Kg6 46. Rf8 Rd7 47. Rf2 Rd3 48. Rb7 Rd8 49. Rff7 Rg8 50. Rfd7 Rf6 51. Kg1 Re6 52. Kh2 Rf6 53. h4 h5 54. Kh3 Kh6 55. g3 g5 56. Rh7+ Kg6 57. hxg5 Kxg5 58. Rhg7+ Rxg7 59. Rxg7+ Rg6 60. Rc7 Kf5 61. Kh4 Rh6 62. Rd7 Ke4 63. Rd8 Kf5 64. Rd5+ Kg6 65. Rg5+ Kf6 66. Rxh5 Rxh5+ 67. Kxh5 Kg7 68. Kg5 b5 69. g4 a4 70. Kf5 b4 71. cxb4 cxb4 72. Ke5 bxa3 73. bxa3 Kg6 74. Kd5 Kg5 75. Kc4 Kxg4 76. Kb4 Kf4 77. Kxa4 Ke5 78. Kb4 Kd6 79. Kb5 Kc7 80. Kc5 Kb7 81. Kb5 Ka7 82. a4 Kb7 83. a5 Ka7 84. a6 Ka8 85. Kb6 Kb8 1/2-1/2

[Event "Madrid FEDC-ch 25th"]
[White "Del Campo Rodriguez, Casimiro"]
[Black "Salas Rasilla, Concepcion"]
[Site "Madrid"]
[Round "6"]
[Result "0-1"]
[Date "2016.11.11"]
[WhiteElo "1373"]
[BlackElo "1648"]
[PlyCount "68"]
[EventDate "2016.11.06"]
[EventType "swiss"]
[EventRounds "8"]
[EventCountry "ESP"]
[SourceTitle "CBM 175 Extra"]
[Source "ChessBase"]
[SourceDate "2016.12.12"]
[SourceVersion "1"]
[SourceVersionDate "2016.12.12"]
[SourceQuality "1"]

1. e4 c5 2. Nf3 e6 3. d4 cxd4 4. Qxd4 Nc6 5. Qd1 Qc7 6. g3 Nf6 7. Nbd2 Be7 8. Bg2 a6 9. 0-0 0-0 10. c4 d6 11. Re1 Rd8 12. Qc2 Ne5 13. b3 b5 14. Nxe5 dxe5 15. Bb2 Bb7 16. Rac1 Rac8 17. Qc3 b4 18. Qc2 Bc5 19. Re2 Bd4 20. Nf1 Qc5 21. Rce1 Bxb2 22. Qxb2 Rd4 23. Nd2 Rcd8 24. Kf1 h6 25. Nb1 a5 26. Kg1 Rd1 27. Kf1 Rxe1+ 28. Rxe1 Rd4 29. Nd2 Qd6 30. Re2 Nd7 31. Qc2 Nc5 32. f3 Rd3 33. Ke1 Rc3 34. Qb2 Nd3+ 0-1

[Event "Madrid FEDC-ch 25th"]
[White "Garcia Lorenzo, Jaime"]
[Black "Salas Rasilla, Concepcion"]
[Site "Madrid"]
[Round "4"]
[Result "0-1"]
[Date "2016.11.09"]
[WhiteElo "1166"]
[BlackElo "1648"]
[PlyCount "96"]
[EventDate "2016.11.06"]
[EventType "swiss"]
[EventRounds "8"]
[EventCountry "ESP"]
[SourceTitle "CBM 175 Extra"]
[Source "ChessBase"]
[SourceDate "2016.12.12"]
[SourceVersion "1"]
[SourceVersionDate "2016.12.12"]
[SourceQuality "1"]

1. c4 Nf6 2. g3 d6 3. Bg2 e5 4. Nc3 Nc6 5. a3 Be7 6. d3 0-0 7. e4 Nd4 8. Nge2 Bg4 9. 0-0 Qc8 10. Be3 Nf3+ 11. Kh1 Nd4 12. Bxd4 exd4 13. Nb5 c5 14. a4 a6 15. Na3 Re8 16. Qd2 Bf8 17. Rab1 Rb8 18. f3 Bd7 19. b3 b5 20. cxb5 axb5 21. axb5 Bxb5 22. Rfc1 Qd7 23. b4 Rec8 24. Nf4 Qe8 25. Bh3 Bd7 26. g4 cxb4 27. Rxc8 Qxc8 28. Nc2 b3 29. Nxd4 d5 30. e5 Ne8 31. Nxd5 Ba4 32. Nf5 Qc2 33. Qxc2 bxc2 34. Rxb8 c1Q+ 35. Kg2 Qd2+ 36. Kg3 Qe1+ 37. Kf4 Qd2+ 38. Kg3 Qe1+ 39. Kf4 g6 40. Nfe7+ Bxe7 41. Nxe7+ Kg7 42. Rb7 Qd2+ 43. Kg3 Qxd3 44. g5 Qc3 45. e6 Nd6 46. Rb8 fxe6 47. Rg8+ Kf7 48. Nxg6 Kxg8 0-1

[Event "Madrid FEDC-ch 25th"]
[White "Salas Rasilla, Concepcion"]
[Black "Ampudia Asensio, Jose Luis"]
[Site "Madrid"]
[Round "3"]
[Result "0-1"]
[Date "2016.11.08"]
[WhiteElo "1648"]
[BlackElo "1652"]
[PlyCount "46"]
[EventDate "2016.11.06"]
[EventType "swiss"]
[EventRounds "8"]
[EventCountry "ESP"]
[SourceTitle "CBM 175 Extra"]
[Source "ChessBase"]
[SourceDate "2016.12.12"]
[SourceVersion "1"]
[SourceVersionDate "2016.12.12"]
[SourceQuality "1"]

1. Nf3 d5 2. c4 dxc4 3. Qa4+ Qd7 4. Qxc4 Qc6 5. Qxc6+ Nxc6 6. g3 Bf5 7. Bg2 0-0-0 8. 0-0 e5 9. a3 Bd6 10. Nc3 a6 11. b4 Nd4 12. Nxd4 exd4 13. Ne4 Bxe4 14. Bxe4 Nf6 15. Bf5+ Kb8 16. Bb2 Be7 17. Rac1 g6 18. Bd3 Rhe8 19. b5 a5 20. Rc4 Ng4 21. Rfc1 Ne5 22. Rxc7 Bd6 23. Rxf7 Nxf7 0-1

[Event "Benidorm FEDC op 16th"]
[White "Hernandez Lopez, Joaquin"]
[Black "Salas Rasilla, Concepcion"]
[Site "Benidorm"]
[Round "1.16"]
[Result "0-1"]
[Date "2016.06.12"]
[WhiteElo "1126"]
[BlackElo "1617"]
[PlyCount "38"]
[EventDate "2016.06.12"]
[EventType "swiss"]
[EventRounds "7"]
[EventCountry "ESP"]
[SourceTitle "EXT 2024"]
[Source "ChessBase"]
[SourceDate "2023.10.10"]
[SourceVersion "1"]
[SourceVersionDate "2023.10.10"]
[SourceQuality "1"]

1. e4 c5 2. Nf3 e6 3. e5 Nc6 4. c3 d5 5. d4 Bd7 6. Bd3 cxd4 7. cxd4 Qb6 8. 0-0 Nxd4 9. Ng5 Nc6 10. Qf3 Nxe5 11. Qe2 Nxd3 12. Nxf7 Kxf7 13. Qh5+ g6 14. Qf3+ Nf6 15. Bg5 Bg7 16. b3 Rhf8 17. Rd1 Ne5 18. Qf4 Kg8 19. Nd2 Nfg4 0-1

[Event "Linares FEDC-ch 24th"]
[White "Salas Rasilla, Concepcion"]
[Black "Alarcon Alarcon, Juana"]
[Site "Linares"]
[Round "2"]
[Result "1-0"]
[Date "2014.11.17"]
[WhiteElo "1653"]
[BlackElo "1322"]
[PlyCount "35"]
[EventDate "2014.11.16"]
[EventType "swiss"]
[EventRounds "8"]
[EventCountry "ESP"]
[SourceTitle "CBM 163 Extra"]
[Source "ChessBase"]
[SourceDate "2014.12.23"]
[SourceVersion "1"]
[SourceVersionDate "2014.12.23"]
[SourceQuality "1"]

1. e4 e5 2. Nf3 Nc6 3. Bb5 Nf6 4. 0-0 Be7 5. Re1 0-0 6. Bxc6 bxc6 7. Nxe5 Rb8 8. Nc3 Bd6 9. d4 Ba6 10. Nf3 Be7 11. h3 Ne8 12. b3 Nd6 13. Na4 Nb5 14. c4 Bb4 15. cxb5 Bxe1 16. bxa6 Rb6 17. Qxe1 Rxa6 18. Qe2 1-0